General Applicability of A Nonlinear Model of A One Story Steel Frame (Record no. 546814)
[ view plain ]
| 000 -LEADER | |
|---|---|
| fixed length control field | 00450nam a22001337a 4500 |
| 082 ## - DEWEY DECIMAL CLASSIFICATION NUMBER | |
| Classification number | 624.1762 |
| Author Mark | SVE |
| 100 ## - MAIN ENTRY--PERSONAL NAME | |
| Personal name | Sveinsson Ingi Bjorn. & Mcniven D Hugh . |
| 9 (RLIN) | 43008 |
| 245 ## - TITLE STATEMENT | |
| Title | General Applicability of A Nonlinear Model of A One Story Steel Frame |
| Statement of responsibility, etc. | Bjorn Ingi Sveinsson. & Hugh D. Mcniven. |
| 260 ## - PUBLICATION, DISTRIBUTION, ETC. | |
| Place of publication, distribution, etc. | California |
| Date of publication, distribution, etc. | 1980. |
| 300 ## - PHYSICAL DESCRIPTION | |
| Extent | viii, 104 p,: |
| Other physical details | ill.: |
| 526 ## - STUDY PROGRAM INFORMATION NOTE | |
| Program name | 0 |
| Interest level | 0 |
| Reading level | 0 |
| Title point value | 624_176200000000000_SVE |
| 650 ## - SUBJECT ADDED ENTRY--TOPICAL TERM | |
| Topical term or geographic name entry element | MCE |
| 9 (RLIN) | 379 |
| 942 ## - ADDED ENTRY ELEMENTS (KOHA) | |
| Source of classification or shelving scheme | |
| Koha item type | Book |
| Withdrawn status | Lost status | Source of classification or shelving scheme | Damaged status | Not for loan | Permanent Location | Current Location | Date acquired | Total Checkouts | Full call number | Barcode | Date last seen | Price effective from | Koha item type |
|---|---|---|---|---|---|---|---|---|---|---|---|---|---|
| Military College of Engineering (MCE) | Military College of Engineering (MCE) | 06/20/2014 | 624.1762 SVE | MCE-29647 | 06/20/2014 | 06/20/2014 | Book |
